[Event "Hong Kong-ch op"]
[Site "Hong Kong"]
[Date "2017.11.06"]
[Round "5"]
[White "Iyer, Neel"]
[Black "Deng, Jing Xin Crystal"]
[Result "0-1"]
[WhiteElo "1412"]
[BlackElo "1719"]
[PlyCount "116"]
[EventDate "2017.10.09"]
[EventType "swiss"]
[EventRounds "7"]
[EventCountry "HKG"]
[SourceTitle "EXT 2019"]
[Source "ChessBase"]
[SourceDate "2018.10.10"]
[SourceVersion "1"]
[SourceVersionDate "2018.10.10"]
[SourceQuality "1"]

1. Nf3 d5 2. g3 Nf6 3. Bg2 e6 4. 0-0 Be7 5. d3 0-0 6. Nbd2 c5 7. e4 Nc6 8. c4 d4 9. Re1 e5 10. Nb3 Qc7 11. Bg5 b6 12. Qd2 h6 13. Bxf6 Bxf6 14. Rac1 Bg4 15. h3 Bxf3 16. Bxf3 Bg5 17. Qc2 Bxc1 18. Qxc1 Nb4 19. Qd2 Nxa2 20. Bg4 Nb4 21. Bf5 Nc6 22. Rf1 Ne7 23. Bg4 a6 24. Qc1 Qd6 25. f4 exf4 26. Rxf4 Ng6 27. e5 Qxe5 28. Rf3 Rae8 29. Bd7 Qe1+ 30. Qxe1 Rxe1+ 31. Kg2 Ne5 32. Rf1 Rxf1 33. Kxf1 Nxd7 34. Ke2 Re8+ 35. Kd2 b5 36. cxb5 axb5 37. g4 Re3 38. h4 Rg3 39. g5 hxg5 40. hxg5 Rxg5 41. Nc1 Rg2+ 42. Ne2 Ne5 43. Kd1 Nxd3 44. b3 Rxe2 45. Kxe2 Nc1+ 46. Kd2 Nxb3+ 47. Kd3 c4+ 48. Kc2 b4 49. Kb2 d3 50. Kb1 c3 51. Ka2 d2 52. Kxb3 d1Q+ 53. Kc4 c2 54. Kc5 c1R+ 55. Kb5 Qd5+ 56. Kb6 Qc6+ 57. Ka7 Ra1+ 58. Kb8 Ra8# 0-1

[Event "Hong Kong-ch op"]
[Site "Hong Kong"]
[Date "2017.10.30"]
[Round "4"]
[White "Lau, Joe Yiu Cho"]
[Black "Iyer, Neel"]
[Result "1-0"]
[WhiteElo "1549"]
[BlackElo "1412"]
[PlyCount "115"]
[EventDate "2017.10.09"]
[EventType "swiss"]
[EventRounds "7"]
[EventCountry "HKG"]
[SourceTitle "EXT 2019"]
[Source "ChessBase"]
[SourceDate "2018.10.10"]
[SourceVersion "1"]
[SourceVersionDate "2018.10.10"]
[SourceQuality "1"]

1. e4 d5 2. f3 c5 3. d4 e6 4. Nc3 Nf6 5. Bf4 dxe4 6. fxe4 Qxd4 7. Qxd4 cxd4 8. Nb5 Na6 9. Nf3 Nxe4 10. Nfxd4 Bc5 11. Bd3 Nf6 12. Nb3 Be7 13. Nd6+ Bxd6 14. Bxd6 Nb8 15. 0-0-0 Bd7 16. Rhe1 Nc6 17. Nc5 0-0-0 18. Rd2 Nd5 19. Be4 Nf6 20. Bf3 Be8 21. Re3 b6 22. Nb3 Nd5 23. Bxd5 Rxd6 24. Bxc6 Rxd2 25. Bxe8 Rxg2 26. Bxf7 Rf8 27. Rf3 Rxh2 28. Bxe6+ Kd8 29. Rxf8+ Ke7 30. Rf7+ Kxe6 31. Rxg7 Rh1+ 32. Kd2 Rh2+ 33. Kc3 Rh3+ 34. Kb4 Rh5 35. Rxa7 Rh4+ 36. Kb5 Rh2 37. Kxb6 Rh4 38. a4 Rb4+ 39. Kc5 Rb8 40. Rxh7 Rc8+ 41. Kb6 Rb8+ 42. Ka7 Rd8 43. a5 Rg8 44. a6 Rf8 45. Kb7 Rf4 46. c3 Rf5 47. Nd4+ Ke5 48. Nxf5 Kxf5 49. a7 Ke5 50. a8Q Kf6 51. Qf8+ Ke5 52. Re7+ Kd5 53. Qc8 Kd6 54. Rd7+ Ke5 55. Qe8+ Kf6 56. Rf7+ Kg5 57. Qg8+ Kh6 58. Rh7# 1-0